Participación ciudadana y polítcas sociales del ámbito local /
Se intenta aquí abrir una discusión sobre la relación que existe entre las actividades que organiza la comunidad con el fin de mejorar la situación de ciertos grupos sociales y las acciones que tradicionalmente realiza el Estado orientadas a los grupos socialmente más desfavorecidos. En otras palabr...
Na minha lista:
| Autor principal: | |
|---|---|
| Autores Corporativos: | , |
| Outros Autores: | |
| Formato: | Texto |
| Publicado em: |
México, D.F.:
UNAM. INDESOL. COMERCSO
|
| Assuntos: | |
| Tags: |
Adicionar Tag
Sem tags, seja o primeiro a adicionar uma tag!
|
MARC
| LEADER | 00000 a a2200000 04500 | ||
|---|---|---|---|
| 001 | 30322 | ||
| 003 | |||
| 040 | |||
| 020 | |a 970-32-1811-3 | ||
| 090 | |a 194612 | ||
| 100 | |a Ziccardi, Alicia | ||
| 110 | |a Universidad Autónoma de México. Instituto de Investigaciones Sociales | ||
| 245 | |a Participación ciudadana y polítcas sociales del ámbito local / |c Universidad Autónoma de México. Instituto de Investigaciones Sociales | ||
| 260 | |a México, D.F.: |b UNAM. INDESOL. COMERCSO | ||
| 300 | |a 462 p | ||
| 520 | |a Se intenta aquí abrir una discusión sobre la relación que existe entre las actividades que organiza la comunidad con el fin de mejorar la situación de ciertos grupos sociales y las acciones que tradicionalmente realiza el Estado orientadas a los grupos socialmente más desfavorecidos. En otras palabras, se busca comprender la vinculación entre el asistencialismo y las políticas sociales, temas que hasta hace poco tiempo eran considerados como antagónicos | ||
| 650 | |a PARTICIPACION SOCIAL | ||
| 650 | |a PARTICIPACION COMUNITARIA | ||
| 650 | |a POLITICA SOCIAL | ||
| 650 | |a ALIVIO A LA POBREZA | ||
| 650 | |a ORGANIZACIONES VOLUNTARIAS | ||
| 650 | |a SERVICIOS VOLUNTARIOS | ||
| 700 | |a coord. | ||
| 710 | |a Consejo Mexicano de Ciencias Sociales |a Instituto Nacional de Desarrollo Social | ||
| 999 | |c 8706 |d 8706 | ||



